00560nam a2200133 a 4500008004100000050001700041100001800058245016500076260006000241300002600301500001700327650003500344650004700379121019s1996 ||||||||||||||||| || u aPAPERS/STAFF aSiziya, Seter10aImportance of schistosomiasis in the Isoka district of Zambia: a prerequisite for its control using community participationcby Seter Siziya and Martin Mushanga aLusaka:bUniversity of Zambia, School of Medicinec1996 ap. 431 - p. 435: ill. aBibliography aSCHISTOSOMIASIS--ISOKA, ZAMBIA aSCHISTOSOMIASIS--CONTROL OF--ISOKA, ZAMBIA